00611nam a2200181Ia 4500008004100000020001500041041001200056082001600068100001800084245007800102260004000180300000900220650000800229700001700237942000700254999001500261952015300276221030s9999 xx 000 0 und d a8178089939 aEnglish a105.23bspe aR. R. Spencer 0aIntroduction to Electronic Circuit Designcby R. R. Spencer, M. S. Ghausi bPearson EducationaNew Delhic2003 a1132 aECE aM. S. Ghausi cBK c8476d8476 pBE 7092l0o105.23 sper2024-06-13 00:00:00w2022-10-30yBK003Print4071aMIETLIBbMIETLIBcBL-Second, FL-1, CUP-76, SH-1, R-1d2003-08-2510HBE